| 000 | 00623nam a22001937a 4500 | ||
|---|---|---|---|
| 005 | 20100727160919.0 | ||
| 010 | _aENG-96954 | ||
| 020 |
_a8188727156 _c150.00 |
||
| 035 | _aEN-80487 | ||
| 037 | _bDBAD/PUB | ||
| 082 | _aN | ||
| 100 |
_aYadav, Uma Shankar _93228 |
||
| 245 |
_aFlying into unknown / _cby Uma Shankar Yadav |
||
| 260 |
_aDelhi _bNitika Parkashan _c2008 |
||
| 270 |
_aPerumaG-30B, Gali. No. Ganga Bihar _bDelhi _e110051 |
||
| 300 |
_a104 p. ; _c24cm (Hb) |
||
| 942 |
_2ddc _cEN _hN _mYAD |
||
| 999 |
_c37995 _d37995 |
||